[Event "Kiel op 36th"]
[Site "Kiel"]
[Date "2024.07.28"]
[Round "3"]
[White "Schulz, Michael"]
[Black "Wendt, Felix1"]
[Result "1-0"]
[WhiteElo "2109"]
[BlackElo "1862"]
[PlyCount "65"]
[EventDate "2024.07.27"]
[EventType "swiss"]
[EventRounds "9"]
[EventCountry "GER"]
[SourceTitle "EXT 2025"]
[Source "ChessBase"]
[SourceDate "2024.10.14"]
[SourceVersion "1"]
[SourceVersionDate "2024.10.14"]
[SourceQuality "1"]

1. e4 c6 2. Nf3 d5 3. exd5 cxd5 4. Ne5 Nc6 5. Bb5 Bd7 6. Nxd7 Qxd7 7. 0-0 a6 8. Ba4 Nf6 9. d4 e6 10. c3 Bd6 11. Nd2 0-0 12. Nf3 h6 13. Ne5 Qc7 14. f4 Ne4 15. Bc2 f5 16. Be3 Bxe5 17. fxe5 Na5 18. Qe2 Nc4 19. Rae1 Qe7 20. Bc1 b5 21. Bxe4 fxe4 22. b3 Nb6 23. Qg4 Kh7 24. h4 g6 25. Rf6 Rxf6 26. exf6 Qxf6 27. Rf1 Qe7 28. Qf4 g5 29. hxg5 hxg5 30. Qh2+ Kg6 31. g4 Qh7 32. Rf6+ Kg7 33. Rf7+ 1-0

[Event "Titled Tuesday intern op 16th Jul Late"]
[Site "Chess.com INT"]
[Date "2024.07.16"]
[Round "7"]
[White "Schulz, Michael"]
[Black "Medina Paz, Miguel"]
[Result "1-0"]
[WhiteElo "2109"]
[BlackElo "2368"]
[PlyCount "65"]
[EventDate "2024.07.16"]
[EventType "swiss (blitz)"]
[EventRounds "11"]
[EventCountry "USA"]
[SourceTitle "EXT 2025"]
[Source "ChessBase"]
[SourceDate "2024.10.14"]
[SourceVersion "1"]
[SourceVersionDate "2024.10.14"]
[SourceQuality "1"]

1. d4 Nf6 2. Bg5 d5 3. Bxf6 exf6 4. e3 Bd6 5. c4 c6 6. cxd5 cxd5 7. Nc3 Be6 8. g3 0-0 9. Bg2 Bb4 10. Nge2 Nc6 11. 0-0 Qd7 12. a3 Ba5 13. b4 Bc7 14. Qb3 Ne7 15. Rfc1 Rad8 16. a4 Bh3 17. Nb5 Bb8 18. Nf4 Bxf4 19. exf4 Bxg2 20. Kxg2 Nc6 21. Rd1 a6 22. Nc3 Rfe8 23. a5 Na7 24. b5 Nxb5 25. Nxb5 axb5 26. Rab1 Qf5 27. Qxb5 Qe4+ 28. f3 Qc2+ 29. Kh3 Re2 30. Rh1 Qf5+ 31. g4 Qxf4 32. Rbf1 h5 33. Qxe2 1-0

[Event "WchT Seniors 65"]
[Site "Krakow"]
[Date "2024.07.10"]
[Round "8.4"]
[White "Schulz, Michael"]
[Black "Vieira, Alexandre Letizio"]
[Result "1/2-1/2"]
[WhiteElo "2109"]
[BlackElo "1825"]
[PlyCount "107"]
[EventDate "2024.07.02"]
[EventType "team-swiss"]
[EventRounds "9"]
[EventCountry "POL"]
[SourceTitle "CBM 221 Extra"]
[Source "ChessBase"]
[SourceDate "2024.09.30"]
[SourceVersion "1"]
[SourceVersionDate "2024.09.30"]
[SourceQuality "1"]
[WhiteTeam "Germany Mittel 65"]
[BlackTeam "Brazil 65"]
[WhiteTeamCountry "GER"]
[BlackTeamCountry "BRA"]

1. d4 d5 2. Bg5 c6 3. Nd2 Bf5 4. e3 Nd7 5. Bd3 Bxd3 6. cxd3 Ngf6 7. Ngf3 g6 8. 0-0 Bg7 9. h3 0-0 10. b4 Re8 11. Qb3 h6 12. Bf4 Nh5 13. Be5 Nhf6 14. Bh2 Nh7 15. a4 e5 16. dxe5 Nxe5 17. Nxe5 Bxe5 18. Bxe5 Rxe5 19. Qc3 Qd6 20. Nf3 Rf5 21. Qc5 Qd7 22. Nd4 Re5 23. Ra2 Ng5 24. f4 Ne6 25. Qc1 Rh5 26. Nf3 Rf5 27. g4 Rf6 28. Ne5 Qe7 29. b5 c5 30. Raf2 g5 31. Qb2 gxf4 32. exf4 Nd4 33. h4 Kh7 34. g5 Rg8 35. Ng4 Re6 36. Kh1 f5 37. gxf6 Qf7 38. f5 Ree8 39. Rg2 h5 40. Nh2 Qxf6 41. Qf2 Re2 42. Qxe2 Nxe2 43. Rxe2 Qxh4 44. f6 Qd4 45. Re7+ Kh6 46. f7 Rf8 47. Re8 Qg7 48. Re6+ Kh7 49. Ref6 Qg3 50. Nf3 Qh3+ 51. Kg1 Qg3+ 52. Kh1 Qh3+ 53. Kg1 Qg3+ 54. Kh1 1/2-1/2

[Event "Titled Tuesday intern op 18th Jun Late"]
[Site "Chess.com INT"]
[Date "2024.06.18"]
[Round "4"]
[White "Diaz Perez, Michel Alejandro"]
[Black "Schulz, Michael"]
[Result "1-0"]
[WhiteElo "2486"]
[BlackElo "2109"]
[PlyCount "71"]
[EventDate "2024.06.18"]
[EventType "swiss (blitz)"]
[EventRounds "11"]
[EventCountry "USA"]
[SourceTitle "EXT 2025"]
[Source "ChessBase"]
[SourceDate "2024.10.14"]
[SourceVersion "1"]
[SourceVersionDate "2024.10.14"]
[SourceQuality "1"]

1. d4 Nf6 2. c4 c5 3. e3 g6 4. Nc3 Bg7 5. d5 0-0 6. Nf3 e6 7. Bd3 exd5 8. cxd5 d6 9. Nd2 Nbd7 10. 0-0 a6 11. a4 Rb8 12. e4 Re8 13. Re1 Ne5 14. Bf1 Nfg4 15. h3 Qh4 16. hxg4 Bxg4 17. Be2 h5 18. Nf3 Bxf3 19. Bxf3 Ng4 20. Bxg4 hxg4 21. Bf4 Be5 22. Qd2 Kg7 23. Bxe5+ Rxe5 24. Ne2 Rh8 25. Ng3 Qh2+ 26. Kf1 f5 27. Qf4 Kf7 28. Re3 Rh5 29. Rb3 b5 30. Re1 g5 31. Qd2 f4 32. axb5 fxg3 33. bxa6 Qh1+ 34. Ke2 Rxe4+ 35. Kd1 Rxe1+ 36. Qxe1 1-0

[Event "Titled Tuesday intern op 18th Jun Late"]
[Site "Chess.com INT"]
[Date "2024.06.18"]
[Round "6"]
[White "Fikiet, Alex M"]
[Black "Schulz, Michael"]
[Result "1-0"]
[WhiteElo "2151"]
[BlackElo "2109"]
[PlyCount "51"]
[EventDate "2024.06.18"]
[EventType "swiss (blitz)"]
[EventRounds "11"]
[EventCountry "USA"]
[SourceTitle "EXT 2025"]
[Source "ChessBase"]
[SourceDate "2024.10.14"]
[SourceVersion "1"]
[SourceVersionDate "2024.10.14"]
[SourceQuality "1"]

1. e4 g6 2. d4 Bg7 3. Nc3 c5 4. d5 d6 5. Bb5+ Nd7 6. a4 a6 7. Bd3 Ngf6 8. f4 0-0 9. Nf3 e6 10. dxe6 fxe6 11. 0-0 d5 12. exd5 exd5 13. f5 c4 14. Be2 Qb6+ 15. Kh1 Ng4 16. Nxd5 Nf2+ 17. Rxf2 Qxf2 18. Be3 Qxe3 19. Nxe3 gxf5 20. Bxc4+ Kh8 21. Ng5 h6 22. Ne6 Rf6 23. Nxg7 Kxg7 24. Qd4 Nb6 25. Bb3 f4 26. Rf1 1-0